000 01445cam a22003134a 4500
001 15116991
005 20080616100504.0
008 071218s2008 nyuab b 001 0 eng
010 _a 2007943478
020 _a9780387728094 (hardcover : alk. paper)
020 _a9780387728100 (E- ISBN)
040 _aDLC
_cDLC
_dDLC
050 0 0 _aTJ810
_b.S653 2008
082 _222
_a665.81
_bSOL
245 0 0 _aSolar hydrogen generation :
_bToward a renewable energy future /
_cEdited by Krishnan Rajeshwar, Robert McConnell, Stuart Licht.
260 _aNew York, NY :
_bSpringer,
_cc2008.
300 _axix, 318 p. :
_bill., maps ;
_c24 cm.
504 _aIncludes bibliographical references and index.
650 0 _aSolar energy.
_93978
650 0 _aHydrogen as fuel.
_93979
700 1 _aRajeshwar, Krishnan.
_93980
700 1 _aMcConnell, Robert D.
_93981
700 1 _aLicht, S.
_q(Stuart)
_93982
856 4 1 _3Table of contents only
_uhttp://www.loc.gov/catdir/toc/fy0803/2007943478.html
942 _2ddc
_cBB
999 _c11365
_d11365